000 00417nam a22001697a 4500
003 NUST - PNEC
005 20170116181055.0
008 150930b xxu||||| |||| 00| 0 eng d
020 _a8172240819
040 _cLIBRARY
082 _a158.5 COH
100 _912031
_a Cohen, Herb
245 _aYou can negotiate anything
_c Herb Cohen
260 _c1986
650 _912033
_aNegotiation
_xGeneral
942 _2ddc
_cBK
999 _c68523
_d68523